00414nam a2200157Ia 45000010006000000050017000060080041000230410008000640820016000721000022000882450093001102600009002033000028002126500008002406540008002481320320260306163036.0260306t2007||||xx |||||||||||||| ||spa|| aESP a001.42bB76 aBotta, MirtaeAUT 0aTesis, tesinas, monografías e informes:bnuevas normas y técnicas de investigación c2007 a126 páginas :c22 cm. aGEN aCHU